Current WWE Main Roster - Statistics

General Stats
  • This quiz has been taken 366 times
    9 since last reset
  • The average score is 73 of 109
Answer Stats
Brand Wrestler % Correct
Free agent AJ Lee
100%
SmackDown Alexa Bliss
100%
Raw Angelo Dawkins
100%
Raw Asuka
100%
Raw Austin Theory
100%
Raw Bayley
100%
Raw Becky Lynch
100%
Free agent Brie Bella
100%
Raw Chad Gable
100%
SmackDown Charlotte Flair
100%
SmackDown Cody Rhodes
100%
SmackDown Damian Priest
100%
Raw Dominik Mysterio
100%
Raw Dragon Lee
100%
SmackDown Drew McIntyre
100%
Raw Ethan Page
100%
SmackDown Finn Bálor
100%
Raw Iyo Sky
100%
Raw Jacob Fatu
100%
SmackDown Jade Cargill
100%
Raw JD McDonagh
100%
Raw Jey Uso
100%
Raw Jimmy Uso
100%
Raw Liv Morgan
100%
Raw Logan Paul
100%
Raw Ludwig Kaiser
100%
Raw Lyra Valkyria
100%
Raw Montez Ford
100%
Free agent Nikki Bella
100%
Free agent Oba Femi
100%
Free agent Paige
100%
Raw Penta
100%
Raw Rey Mysterio
100%
SmackDown Rhea Ripley
100%
Raw Roman Reigns
100%
SmackDown R-Truth
100%
SmackDown Solo Sikoa
100%
SmackDown Talla Tonga
100%
SmackDown Tama Tonga
100%
SmackDown Trick Williams
100%
SmackDown B-Fab
75%
SmackDown Bianca Belair
75%
Free agent Brock Lesnar
75%
Raw Bron Breakker
75%
Raw Bronson Reed
75%
Raw Brutus Creed
75%
SmackDown Carmelo Hayes
75%
SmackDown Chelsea Green
75%
Free agent Danhausen
75%
SmackDown Gunther
75%
Raw Je'Von Evans
75%
SmackDown Jordynne Grace
75%
Raw Julius Creed
75%
SmackDown Kevin Owens
75%
SmackDown Michin
75%
Raw Otis
75%
SmackDown Randy Orton
75%
SmackDown Rey Fénix
75%
Raw Rusev
75%
SmackDown Sami Zayn
75%
Raw Seth Rollins
75%
Raw Sol Ruca
75%
SmackDown Tiffany Stratton
75%
Raw Akira Tozawa
50%
SmackDown Candice LeRae
50%
Raw CM Punk
50%
SmackDown Ilja Dragunov
50%
Raw Ivy Nile
50%
SmackDown Jacy Jayne
50%
SmackDown Johnny Gargano
50%
SmackDown Kit Wilson
50%
Raw LA Knight
50%
SmackDown Lash Legend
50%
SmackDown Matt Cardona
50%
Raw Maxxine Dupri
50%
Raw Nattie
50%
SmackDown Nia Jax
50%
Free agent Omos
50%
SmackDown Ricky Saints
50%
Raw Roxanne Perez
50%
SmackDown Royce Keys
50%
Raw Sheamus
50%
Raw Stephanie Vaquer
50%
SmackDown The Miz
50%
SmackDown Angel
25%
SmackDown Berto
25%
SmackDown Blake Monroe
25%
Raw Bravo Americano
25%
Raw Cruz Del Toro
25%
Raw El Grande Americano
25%
Raw Erik
25%
SmackDown Fallon Henley
25%
SmackDown Giulia
25%
Raw Grayson Waller
25%
Raw Ivar
25%
Raw Joaquin Wilde
25%
SmackDown Kiana James
25%
SmackDown Lainey Reid
25%
Raw Naomi
25%
Raw Pete Dunne
25%
SmackDown Piper Niven
25%
Raw Raquel Rodriguez
25%
Raw Rayo Americano
25%
SmackDown Shinsuke Nakamura
25%
Raw Tyler Bate
25%
SmackDown Axiom
0%
SmackDown Elton Prince
0%
Raw Joe Hendry
0%
SmackDown Nathan Frazer
0%
No matching quizzes found
Score Distribution
Percent of People with Each Score
Percentile by Number Answered
Your Score History
You have not taken this quiz since the last reset